| 000 | 01058cam a22003015i 4500 | ||
|---|---|---|---|
| 999 |
_c13275 _d13275 |
||
| 001 | 7416091 | ||
| 003 | EG-ScBUE | ||
| 005 | 20210112131631.0 | ||
| 008 | 750909s2005 ii r000g b00 1deng eng | ||
| 020 | _a8175810564 | ||
| 035 | _a(OCoLC)1612708 | ||
| 040 |
_aDLC _beng _erda _cNPurU _dNPurU _dDGW _dDLC _dEG-ScBUE |
||
| 082 | 0 | 4 |
_a813.52 _bLAL _222 |
| 100 | 1 |
_aLall, Ramji, _eauthor. |
|
| 245 | 1 | 2 |
_aA farewell to arms : _ba critical study / _cRamji Lall, M. A., Formerly Principal, Dyal Singh College, University of Delhi, New Delhi. |
| 250 | _aTwenty Fourth edition. | ||
| 264 | 1 |
_aNew Delhi : _bRama Brothers India, _c2005. |
|
| 300 |
_aviii, 240 pages ; _c25 cm |
||
| 336 |
_atext _btxt _2rdacontent |
||
| 337 |
_aunmediated _bn _2rdamedia |
||
| 338 |
_avolume _bnc _2rdacarrier |
||
| 504 | _aIncludes bibliographical references. | ||
| 600 | 1 |
_aHemingway, Ernest, _d1899-1961 _xCriticism and interpretation _2BUEsh _910946 |
|
| 650 | 7 |
_aFarewell to arms (Hemingway, Ernest) _2BUEsh |
|
| 651 | _2BUEsh | ||
| 653 |
_bHHUUEENN _cJanuary2021 |
||
| 942 |
_2ddc _cBB |
||